[Event "GER-ch Seniors 65 31st"]
[Site "Radebeul"]
[Date "2019.04.26"]
[Round "1"]
[White "Reimann, Guenther"]
[Black "Kierzek, Matthias"]
[Result "1/2-1/2"]
[WhiteElo "1880"]
[BlackElo "2196"]
[PlyCount "104"]
[EventDate "2019.04.26"]
[EventType "swiss"]
[EventRounds "9"]
[EventCountry "GER"]
[SourceTitle "CBM 190 Extra"]
[Source "ChessBase"]
[SourceDate "2019.07.15"]
[SourceVersion "1"]
[SourceVersionDate "2019.07.15"]
[SourceQuality "1"]

1. c4 c6 2. d3 d5 3. Nd2 e5 4. Qc2 Nf6 5. g3 Bd6 6. Bg2 0-0 7. Ngf3 Re8 8. 0-0 Nbd7 9. a3 a5 10. b3 Nf8 11. Bb2 Ng6 12. c5 Bc7 13. b4 Bd7 14. Rfe1 h5 15. h3 h4 16. e4 hxg3 17. fxg3 b6 18. Nf1 b5 19. Kh2 d4 20. Rab1 axb4 21. axb4 Ra4 22. Qd2 Qe7 23. Ra1 Rea8 24. Rxa4 Rxa4 25. Ra1 Qe8 26. Rxa4 bxa4 27. Qc2 Qa8 28. Ba3 Nh7 29. N1d2 Be6 30. Bf1 Qa6 31. Be2 Bd8 32. Bd1 Ng5 33. Nxg5 Bxg5 34. Nf3 Be3 35. h4 Bb3 36. Qe2 f6 37. Ne1 Bxd1 38. Qxd1 Nf8 39. Ng2 Bh6 40. Qf3 Qc8 41. Qd1 Qa6 42. Qf3 Bd2 43. Qe2 Bc3 44. Qa2+ Kh7 45. Qf7 Ng6 46. h5 Nh8 47. Qd7 Qxd3 48. h6 Kxh6 49. Qh3+ Kg6 50. Qxh8 Qxe4 51. Qe8+ Kh7 52. Qh5+ Kg8 1/2-1/2

[Event "Bad Woerishofen op 34th"]
[Site "Bad Woerishofen"]
[Date "2018.03.03"]
[Round "9"]
[White "Reimann, Guenther"]
[Black "Oser, Thor1111"]
[Result "0-1"]
[WhiteElo "1893"]
[BlackElo "1650"]
[PlyCount "92"]
[EventDate "2018.02.23"]
[EventType "swiss"]
[EventRounds "9"]
[EventCountry "GER"]
[SourceTitle "EXT 2019"]
[Source "ChessBase"]
[SourceDate "2018.10.10"]
[SourceVersion "1"]
[SourceVersionDate "2018.10.10"]
[SourceQuality "1"]

1. c4 e5 2. Nf3 d6 3. g3 h6 4. Bg2 c6 5. Nc3 Nf6 6. d3 Be6 7. b3 Nbd7 8. Bb2 Qc7 9. Rc1 Be7 10. 0-0 0-0 11. Qc2 Rac8 12. d4 Bg4 13. e3 Bh5 14. Qd2 Bg6 15. Qe2 Qb8 16. Rfd1 e4 17. Nh4 Bh7 18. Bh3 d5 19. Nf5 Bxf5 20. Bxf5 Rcd8 21. c5 g6 22. Bh3 Nh7 23. Bg2 f5 24. b4 a6 25. a4 Ndf6 26. Rb1 g5 27. Bc1 g4 28. h4 gxh3 29. Bxh3 Qc8 30. Qf1 Ng5 31. Bg2 Kf7 32. Ne2 h5 33. Nf4 Rh8 34. Qe2 h4 35. Kf1 hxg3 36. fxg3 Rh2 37. Ke1 Nf3+ 38. Bxf3 Rxe2+ 39. Bxe2 Rh8 40. Kd2 Qg8 41. Rg1 Rh2 42. Kc3 Qh8 43. Bd2 Bd8 44. Kc2 Bc7 45. Bf1 Bxf4 46. gxf4 Qh4 0-1

[Event "Hessen-ch Seniors op 12th"]
[Site "Bad Sooden-Allendorf"]
[Date "2016.05.01"]
[Round "2"]
[White "Reimann, Guenther"]
[Black "Villing, Dieter"]
[Result "1/2-1/2"]
[WhiteElo "1931"]
[BlackElo "2084"]
[PlyCount "41"]
[EventDate "2016.04.30"]
[EventType "swiss"]
[EventRounds "9"]
[EventCountry "GER"]
[SourceTitle "EXT 2019"]
[Source "ChessBase"]
[SourceDate "2018.10.10"]
[SourceVersion "1"]
[SourceVersionDate "2018.10.10"]
[SourceQuality "1"]

1. c4 e5 2. Nf3 d6 3. d3 f5 4. Nc3 Nf6 5. Bg5 Be7 6. Qc2 Na6 7. a3 Nc5 8. g3 0-0 9. Bg2 c6 10. 0-0 h6 11. Bxf6 Bxf6 12. h3 Qe8 13. Rad1 Ne6 14. e3 g5 15. Nh2 f4 16. Ne4 Be7 17. d4 d5 18. cxd5 cxd5 19. Nc3 exd4 20. exd4 fxg3 21. fxg3 1/2-1/2

[Event "Bad Woerishofen Seniors op 32nd"]
[Site "Bad Woerishofen"]
[Date "2016.02.27"]
[Round "2"]
[White "Reimann, Guenther"]
[Black "Neese, Hans Joachim"]
[Result "0-1"]
[WhiteElo "1941"]
[BlackElo "2159"]
[PlyCount "94"]
[EventDate "2016.02.26"]
[EventType "swiss"]
[EventRounds "9"]
[EventCountry "GER"]
[SourceTitle "EXT 2019"]
[Source "ChessBase"]
[SourceDate "2018.10.10"]
[SourceVersion "1"]
[SourceVersionDate "2018.10.10"]
[SourceQuality "1"]

1. c4 c5 2. Nf3 Nf6 3. g3 g6 4. Bg2 Bg7 5. 0-0 Nc6 6. d3 0-0 7. a3 Rb8 8. Nbd2 d6 9. Rb1 Bd7 10. Re1 a6 11. Qc2 b5 12. b3 e5 13. e3 Qc7 14. Ng5 h6 15. Nge4 Nh5 16. Nc3 Ne7 17. Nd5 Qd8 18. Bb2 Kh7 19. Rbd1 Bg4 20. f3 Be6 21. Nxe7 Qxe7 22. f4 Qc7 23. Bf3 f5 24. Bd5 Bd7 25. cxb5 axb5 26. b4 Rbc8 27. bxc5 Qxc5 28. Qb3 exf4 29. Rc1 Qa7 30. Bxg7 Kxg7 31. Qb2+ Kh7 32. Rxc8 Rxc8 33. gxf4 Nxf4 34. Qf6 Be8 35. Qxd6 Nxd5 36. Qxd5 Qe7 37. Qf3 Bc6 38. Qg3 Bd5 39. Kf2 Rf8 40. Rg1 g5 41. Ke2 f4 42. Qf2 f3+ 43. Kf1 Qxa3 44. Rg3 Qxd3+ 45. Kg1 Qe2 46. Nxf3 Bxf3 47. Rxf3 Qxf3 0-1

[Event "Bayern-ch Seniors op 27th"]
[Site "Bergen"]
[Date "2015.06.15"]
[Round "3"]
[White "Fischer, Gerd"]
[Black "Reimann, Guenther"]
[Result "1-0"]
[WhiteElo "2011"]
[BlackElo "1803"]
[PlyCount "85"]
[EventDate "2015.06.15"]
[EventType "swiss"]
[EventRounds "9"]
[EventCountry "GER"]
[SourceTitle "EXT 2019"]
[Source "ChessBase"]
[SourceDate "2018.10.10"]
[SourceVersion "1"]
[SourceVersionDate "2018.10.10"]
[SourceQuality "1"]

1. Nf3 e6 2. b3 f5 3. Bb2 Nf6 4. e3 Be7 5. Be2 d6 6. d4 0-0 7. 0-0 Ne4 8. c4 c6 9. Nc3 Nd7 10. Qc2 Ng5 11. b4 Nxf3+ 12. Bxf3 e5 13. dxe5 Nxe5 14. Be2 Qe8 15. f4 Ng4 16. Bxg4 fxg4 17. e4 d5 18. cxd5 Bxb4 19. g3 Bc5+ 20. Kh1 b6 21. dxc6 Qxc6 22. Nd5 Bb7 23. Rad1 Rad8 24. Rf2 Kh8 25. Rfd2 Rfe8 26. h4 gxh3 27. Kh2 Qg6 28. f5 Qf7 29. f6 g5 30. Nc7 Rxd2+ 31. Rxd2 Kg8 32. Nxe8 Qxe8 33. Qc4+ Kf8 34. f7 Qc8 35. Qc3 Kxf7 36. Qg7+ Ke8 37. Qg8+ Ke7 38. Qxg5+ Ke8 39. Qg8+ Ke7 40. Qxh7+ Ke8 41. Qg6+ Ke7 42. Bf6+ Ke6 43. Qf5+ 1-0

[Event "Bayern-ch Seniors op 27th"]
[Site "Bergen"]
[Date "2015.06.15"]
[Round "2"]
[White "Reimann, Guenther"]
[Black "Rudek, Gerald"]
[Result "1-0"]
[WhiteElo "1803"]
[BlackElo "1453"]
[PlyCount "63"]
[EventDate "2015.06.15"]
[EventType "swiss"]
[EventRounds "9"]
[EventCountry "GER"]
[SourceTitle "EXT 2019"]
[Source "ChessBase"]
[SourceDate "2018.10.10"]
[SourceVersion "1"]
[SourceVersionDate "2018.10.10"]
[SourceQuality "1"]

1. c4 f5 2. e4 fxe4 3. d3 Nf6 4. dxe4 e5 5. a3 Be7 6. Nc3 0-0 7. Nf3 d6 8. h3 b6 9. Nd5 Bb7 10. Bd3 a5 11. Qe2 Nbd7 12. 0-0 Nc5 13. Bc2 Qd7 14. Bd2 Bd8 15. b4 axb4 16. axb4 Ne6 17. Rxa8 Bxa8 18. Ra1 Qc8 19. Be3 Nd7 20. Qd2 c6 21. Nc3 Be7 22. Bb3 c5 23. Nd5 Qe8 24. Rxa8 Qxa8 25. Nxe7+ Kh8 26. Qxd6 Nd4 27. Bxd4 exd4 28. e5 Qb7 29. e6 Rf6 30. Qxd7 Qxd7 31. exd7 Rd6 32. Ne5 1-0

[Event "GER-chA Seniors 26th"]
[Site "Bad Neuenahr"]
[Date "2014.08.07"]
[Round "3"]
[White "Reimann, Guenther"]
[Black "Manthey, Juergen"]
[Result "1/2-1/2"]
[WhiteElo "1932"]
[BlackElo "2017"]
[PlyCount "90"]
[EventDate "2014.08.05"]
[EventType "swiss"]
[EventRounds "9"]
[EventCountry "GER"]
[SourceTitle "EXT 2018"]
[Source "ChessBase"]
[SourceDate "2017.10.13"]
[SourceVersion "1"]
[SourceVersionDate "2017.10.13"]
[SourceQuality "1"]

1. c4 e5 2. Nf3 Nc6 3. d3 Nf6 4. Nbd2 d5 5. cxd5 Nxd5 6. g3 Be7 7. Bg2 Be6 8. 0-0 0-0 9. Re1 a5 10. b3 Qd7 11. Bb2 f6 12. Rc1 Rfd8 13. Ne4 b6 14. Nfd2 Rac8 15. Nf3 h6 16. Qc2 Ncb4 17. Qb1 a4 18. a3 Na6 19. b4 c5 20. bxc5 Nxc5 21. Nxc5 bxc5 22. Nd2 Rb8 23. Qc2 Nb6 24. Bc3 Rdc8 25. Rb1 c4 26. Ba5 cxd3 27. Qxd3 Qxd3 28. exd3 Nd7 29. Rxb8 Rxb8 30. Nc4 Rb3 31. Bf1 Bxc4 32. dxc4 Rxa3 33. Rd1 Nc5 34. Bb4 Rb3 35. Bxc5 Bxc5 36. Rd5 Bd4 37. Ra5 Rb2 38. Bg2 Rxf2 39. Bd5+ Kf8 40. Kh1 Ra2 41. c5 Ra1+ 42. Kg2 a3 43. Ra8+ Ke7 44. Ra7+ Kd8 45. Ra8+ Kc7 1/2-1/2

[Event "GER-chA Seniors 26th"]
[Site "Bad Neuenahr"]
[Date "2014.08.06"]
[Round "2"]
[White "Petzold, Hans"]
[Black "Reimann, Guenther"]
[Result "1-0"]
[WhiteElo "2110"]
[BlackElo "1932"]
[PlyCount "45"]
[EventDate "2014.08.05"]
[EventType "swiss"]
[EventRounds "9"]
[EventCountry "GER"]
[SourceTitle "EXT 2018"]
[Source "ChessBase"]
[SourceDate "2017.10.13"]
[SourceVersion "1"]
[SourceVersionDate "2017.10.13"]
[SourceQuality "1"]

1. e4 e6 2. d4 d5 3. Nc3 Nf6 4. e5 Nfd7 5. f4 a6 6. Nf3 c5 7. Be3 Nc6 8. Qd2 b5 9. Ne2 cxd4 10. Nfxd4 Bb7 11. Nxc6 Bxc6 12. Nd4 Bb7 13. Be2 Rc8 14. 0-0 Bc5 15. f5 Bxd4 16. Bxd4 0-0 17. f6 gxf6 18. exf6 Kh8 19. Qh6 Rg8 20. Bd3 Nf8 21. Rf3 e5 22. Rg3 Ng6 23. Rh3 1-0

[Event "Wuerttemberg-ch Seniors op 26th"]
[Site "Freudenstadt"]
[Date "2014.07.22"]
[Round "7"]
[White "Pfitzer, Norbert"]
[Black "Reimann, Guenther"]
[Result "1-0"]
[WhiteElo "2038"]
[BlackElo "1932"]
[PlyCount "138"]
[EventDate "2014.07.16"]
[EventType "swiss"]
[EventRounds "9"]
[EventCountry "GER"]
[SourceTitle "EXT 2019"]
[Source "ChessBase"]
[SourceDate "2018.10.10"]
[SourceVersion "1"]
[SourceVersionDate "2018.10.10"]
[SourceQuality "1"]

1. d4 e6 2. e4 d5 3. e5 c5 4. c3 Nc6 5. Nf3 Bd7 6. Be2 Nge7 7. 0-0 cxd4 8. cxd4 Qb6 9. Na3 Ng6 10. Nc2 Be7 11. b3 Rc8 12. Bb2 Nf4 13. g3 Nxe2+ 14. Qxe2 0-0 15. Rfc1 a6 16. Qe3 h6 17. h4 f5 18. exf6 Bxf6 19. Ne5 Nxe5 20. dxe5 Qxe3 21. Nxe3 Be7 22. Bd4 Ba3 23. Rc2 Rxc2 24. Nxc2 Be7 25. Rd1 Rc8 26. Rd2 h5 27. f3 g6 28. Kg2 Kf7 29. Bb2 Bd8 30. Ba3 Be7 31. Bxe7 Kxe7 32. Nd4 Rc1 33. Kf2 Rc3 34. Ne2 Rc8 35. Ke3 Rf8 36. Nd4 Rc8 37. Kf4 Kf7 38. Kg5 Kg7 39. Rc2 Rxc2 40. Nxc2 a5 41. Nd4 Kf7 42. a3 a4 43. b4 Be8 44. Ne2 Bb5 45. Nc3 Bc6 46. Kf4 Ke7 47. Ke3 b6 48. Kd4 Kd8 49. b5 Bd7 50. Nxa4 Bxb5 51. Nxb6 Kc7 52. Kc5 Be2 53. f4 Bd1 54. a4 d4 55. a5 d3 56. a6 Bf3 57. Nc4 Bd5 58. Nd2 Kb8 59. Kd4 Ka7 60. Kxd3 Kxa6 61. Nf1 Kb6 62. Kd4 Bc6 63. Ne3 Bd7 64. Nc4+ Kc6 65. Nd6 Kb6 66. Ne4 Be8 67. Kc4 Bf7 68. Nc5 Be8 69. Ne4 Bf7 1-0

[Event "Hessen-ch Seniors op 10th"]
[Site "Bad Sooden-Allendorf"]
[Date "2014.04.26"]
[Round "1"]
[White "Reimann, Guenther"]
[Black "Graffenberger, Marianne"]
[Result "1-0"]
[WhiteElo "1929"]
[BlackElo "1521"]
[PlyCount "85"]
[EventDate "2014.04.26"]
[EventType "swiss"]
[EventRounds "9"]
[EventCountry "GER"]
[SourceTitle "EXT 2018"]
[Source "ChessBase"]
[SourceDate "2017.10.13"]
[SourceVersion "1"]
[SourceVersionDate "2017.10.13"]
[SourceQuality "1"]

1. c4 e5 2. Nf3 d6 3. d3 Nc6 4. g3 Nf6 5. Nbd2 Be7 6. Bg2 0-0 7. 0-0 Nd4 8. a3 Nxf3+ 9. Nxf3 c6 10. Qc2 Bf5 11. Nh4 Bg6 12. Nxg6 fxg6 13. b4 d5 14. cxd5 Nxd5 15. Qb3 Kh8 16. Bb2 Bf6 17. Rac1 Qd7 18. Rc2 Qf7 19. b5 Ne7 20. Qxf7 Rxf7 21. bxc6 bxc6 22. Bxc6 Nxc6 23. Rxc6 Rff8 24. Rfc1 h5 25. R6c5 Rfe8 26. Kg2 Kh7 27. f3 Rab8 28. Bc3 Rb3 29. Bb4 Rb2 30. R1c2 Rxc2 31. Rxc2 Be7 32. Bxe7 Rxe7 33. Rc5 Kg8 34. h4 Kf7 35. Kf2 a6 36. Ke3 Kf6 37. Ke4 Re6 38. Ra5 g5 39. hxg5+ Kxg5 40. Rxe5+ Rxe5+ 41. Kxe5 h4 42. gxh4+ Kxh4 43. d4 1-0